| 000 | 00751cam a2200157 4500500 | ||
|---|---|---|---|
| 005 | 20260111090136.0 | ||
| 041 | _afre | ||
| 042 | _adc | ||
| 100 | 1 | 0 |
_aLeclair, Yves _eauthor |
| 245 | 0 | 0 | _aPierre Pachet et Georges Perros Correspondance 1968-1978 Édition établie, préfacée et annotée par Thierry Gillyboeuf. Le Bruit du temps, 2023, 332 pages, 24 €. |
| 260 | _c2025. | ||
| 500 | _a74 | ||
| 520 | _aLa fondation Louis-Vuitton, à Paris, propose une rétrospective de l’œuvre de Gerhard Richter, un panorama complet couvrant soixante ans de création artistique. | ||
| 786 | 0 | _nÉtudes | - | 13 | 2025-12-30 | p. 120-121 | 0014-1941 | |
| 856 | 4 | 1 | _uhttps://shs.cairn.info/revue-etudes-2025-13-page-120?lang=fr&redirect-ssocas=7080 |
| 999 |
_c1618510 _d1618510 |
||